Celebrities B Quiz Stats

 Plays Quiz not verified by Sporcle

Score 0/12 Timer 20:00
0 Plays Today
% Correct
Beyonce
66.7%
Britney Spears
50%
B.O.B
33.3%
Ben E King
0%
Billie Piper
0%
Black Eyed Peas
0%
Bryon Contostavlos
0%
Bon Scott
0%
Bob Marley
0%
The Band Perry
0%
Backstreet Boys
0%
Barrack Obama
0%

You're not logged in!

Compare scores with friends on all Sporcle quizzes.
OR
Log In

Show Comments

Extras

Created Sep 28, 2012ReportNominate
Tags:Celebrity Quiz

Top Quizzes Today


Score Distribution

Your Account Isn't Verified!

In order to create a playlist on Sporcle, you need to verify the email address you used during registration. Go to your Sporcle Settings to finish the process.

Report this User

Report this user for behavior that violates our Community Guidelines.

Details: